Biomarkers for Endometriosis (Запис № 447814)

МАРК-запис
000 -LEADER
fixed length control field 05219nam a22005655i 4500
001 - CONTROL NUMBER
control field 978-3-319-59856-7
003 - CONTROL NUMBER IDENTIFIER
control field DE-He213
005 - DATE AND TIME OF LATEST TRANSACTION
control field 20210118131450.0
007 - PHYSICAL DESCRIPTION FIXED FIELD--GENERAL INFORMATION
fixed length control field cr nn 008mamaa
008 - FIXED-LENGTH DATA ELEMENTS--GENERAL INFORMATION
fixed length control field 170922s2017 gw | s |||| 0|eng d
020 ## - INTERNATIONAL STANDARD BOOK NUMBER
International Standard Book Number 9783319598567
-- 978-3-319-59856-7
024 7# - OTHER STANDARD IDENTIFIER
Standard number or code 10.1007/978-3-319-59856-7
Source of number or code doi
050 #4 - LIBRARY OF CONGRESS CALL NUMBER
Classification number RG133.5
072 #7 - SUBJECT CATEGORY CODE
Subject category code MFKC
Source bicssc
072 #7 - SUBJECT CATEGORY CODE
Subject category code HEA039060
Source bisacsh
072 #7 - SUBJECT CATEGORY CODE
Subject category code MFKC
Source thema
082 04 - DEWEY DECIMAL CLASSIFICATION NUMBER
Classification number 612.6
Edition number 23
245 10 - TITLE STATEMENT
Title Biomarkers for Endometriosis
Medium [electronic resource] :
Remainder of title State of the Art /
Statement of responsibility, etc edited by Thomas D'Hooghe.
250 ## - EDITION STATEMENT
Edition statement 1st ed. 2017.
264 #1 -
-- Cham :
-- Springer International Publishing :
-- Imprint: Springer,
-- 2017.
300 ## - PHYSICAL DESCRIPTION
Extent XII, 267 p. 8 illus., 3 illus. in color.
Other physical details online resource.
336 ## -
-- text
-- txt
-- rdacontent
337 ## -
-- computer
-- c
-- rdamedia
338 ## -
-- online resource
-- cr
-- rdacarrier
347 ## -
-- text file
-- PDF
-- rda
505 0# - FORMATTED CONTENTS NOTE
Formatted contents note Biomarker development: general concepts and state of the art in medicine -- Biomarker development in chronic inflammatory diseases -- Biomarker development in cancer -- Biomarker development in ovarian cancer -- Biomarker development in  endometrial cancer -- Biomarker development in breast cancer -- Biomarker development in reproductive medicine -- Industry perspective on biomarker development in medicine -- Biomarker development in endometriosis -- Health economic impact of endometriosis -- Patient perspective on biomarker development for endometriosis -- Genetic biomarkers for endometriosis -- Epidemiological and clinical risk factors for endometriosis -- Peripheral blood biomarkers for endometriosis -- Endometrial biomarkers for endometriosis -- Biomarkers for endometriosis in saliva, urine and peritoneal fluid -- mRNA and miRNA biomarkers for endometriosis -- Proteomic biomarkers for endometriosis -- Multiprotein arrays and endometriosis -- Metabolomics and endometriosis -- Harmonization of clinical and laboratory data to improve biomarker discovery in endometriosis -- Endometriomics and biomarker development  in endometriosis.
520 ## - SUMMARY, ETC.
Summary, etc This book presents an overview of the diagnostic performance of non- or semi-invasive tests for endometriosis in peripheral blood, endometrium, saliva, peritoneal fluid and urine. The value of existing and emerging systems biology technologies for biomarker development is addressed in several chapters on genetics, microarrays, proteomics and metabolomics. Although tests with high sensitivity and acceptable specificity have been developed, sometimes validated in independent populations and seem promising, more research is needed to translate these data into clinical benefit for patients and coordinate efforts internationally to standarize analysis, reports and operating procedures. The gold standard to diagnose endometriosis is currently through laparoscopic inspection with histological confirmation, a surgical procedure with rare but significant potential risks for the patients. A non-invasive test for endometriosis would be critical for the early detection of endometriosis of symptomatic women with pelvic pain and/or subfertility with normal ultrasound. This would include nearly all cases of minimal-mild endometriosis, some cases of moderate-severe endometriosis without a clearly visible ovarian endometrioma and cases with pelvic adhesions and/or other pelvic pathology, who might benefit from surgery to improve pelvic pain and/or subfertility. Such a test would also be useful in symptomatic women with ultrasound imaging suspicious for endometriosis, since it may be difficult to differentiate an ovarian endometrioma from other ovarian cysts and since the quality of ultrasound imaging is highly variable worldwide.
506 ## - RESTRICTIONS ON ACCESS NOTE
Terms governing access Available to subscribing member institutions only. Доступно лише організаціям членам підписки.
506 ## - RESTRICTIONS ON ACCESS NOTE
Standardized terminology for access restriction Online access from local network of NaUOA.
506 ## - RESTRICTIONS ON ACCESS NOTE
Standardized terminology for access restriction Online access with authorization at https://link.springer.com/
506 ## - RESTRICTIONS ON ACCESS NOTE
Standardized terminology for access restriction Онлайн-доступ з локальної мережі НаУОА.
506 ## - RESTRICTIONS ON ACCESS NOTE
Standardized terminology for access restriction Онлайн доступ з авторизацією на https://link.springer.com/
650 #0 - SUBJECT ADDED ENTRY--TOPICAL TERM
Topical term or geographic name as entry element Reproductive medicine.
650 #0 - SUBJECT ADDED ENTRY--TOPICAL TERM
Topical term or geographic name as entry element Bioinformatics.
650 #0 - SUBJECT ADDED ENTRY--TOPICAL TERM
Topical term or geographic name as entry element Human genetics.
650 14 - SUBJECT ADDED ENTRY--TOPICAL TERM
Topical term or geographic name as entry element Reproductive Medicine.
-- http://scigraph.springernature.com/things/product-market-codes/H56002
650 24 - SUBJECT ADDED ENTRY--TOPICAL TERM
Topical term or geographic name as entry element Bioinformatics.
-- http://scigraph.springernature.com/things/product-market-codes/L15001
650 24 - SUBJECT ADDED ENTRY--TOPICAL TERM
Topical term or geographic name as entry element Human Genetics.
-- http://scigraph.springernature.com/things/product-market-codes/B12008
700 1# - ADDED ENTRY--PERSONAL NAME
Personal name D'Hooghe, Thomas.
Relator term editor.
Relator code edt
-- http://id.loc.gov/vocabulary/relators/edt
710 2# - ADDED ENTRY--CORPORATE NAME
Corporate name or jurisdiction name as entry element SpringerLink (Online service)
773 0# - HOST ITEM ENTRY
Title Springer eBooks
776 08 - ADDITIONAL PHYSICAL FORM ENTRY
Display text Printed edition:
International Standard Book Number 9783319598543
776 08 - ADDITIONAL PHYSICAL FORM ENTRY
Display text Printed edition:
International Standard Book Number 9783319598550
776 08 - ADDITIONAL PHYSICAL FORM ENTRY
Display text Printed edition:
International Standard Book Number 9783319867199
856 40 - ELECTRONIC LOCATION AND ACCESS
Uniform Resource Identifier <a href="https://doi.org/10.1007/978-3-319-59856-7">https://doi.org/10.1007/978-3-319-59856-7</a>
912 ## -
-- ZDB-2-SME
942 ## - ADDED ENTRY ELEMENTS (KOHA)
Koha item type ЕКнига

Немає доступних примірників.